000 00908nam a22002657a 4500
001 BR7701962
003 BR-BrBNA
005 20230928085241.0
007 ta
008 230509b bl.||||| |||| 00| 0 por d
040 _aBR-BrBNA
_bpor
_cBiblioteca Nacional de Agricultura
041 _a(Por)
072 _aN20; E15
_b0230
090 _ 0230 BR7701962
110 1 _aPrograma Nacional de Melhoramento da Cana-de-Acucar, Campos, RJ (Brasil). Coordenadoria Regional Leste
_98022
245 1 _aAvaliacao da capacidade efetiva de conjuntos motomecanizados utilizando o trator MULLER TM - 25 como fonte de potencia [Saccharum spp, rendimento]
_bRelatorio tecnico
260 3 _aCampos, RJ (Brasil):
_c1977.
300 _a10 p.
650 _aEQUIPAMENTO RURAL
650 _aIMPLEMENTO AGRICOLA
650 _aCANA DE ACUCAR
650 _aRENDIMENTO
909 _a202309
_bLucia
_c55
_dLucia Elande
942 _cBK
999 _c23496
_d23496